000
00274nam a2200121Ia 4500
008
231011s9999 xx 000 0 und d
041
_a
eng
100
_a
Edward de Bono
245
_a
Six Thinking Hats
260
_b
Pengnin Books. -
_c
2011
300
_a
177
365
_b
280
999
_c
895943
_d
895943